Teaching the science of welding
El siguiente video trata el tema de la industria de la soldadura. As ̕mismo, se evidencia la falta de soldadores calificados. Es por ello que se hace necesario formar actores competentes en el campo de la soldadura.
Guardat en:
| Altres autors: | , |
|---|---|
| Format: | Llibre |
| Idioma: | anglès |
| Matèries: | |
| Accés en línia: | Teaching the science of welding |
| Etiquetes: |
Afegir etiqueta
Sense etiquetes, Sigues el primer a etiquetar aquest registre!
|
MARC
| LEADER | 00000nam a22000004a 4500 | ||
|---|---|---|---|
| 001 | vpro10111 | ||
| 005 | 20201223000000.0 | ||
| 008 | 160621s2016 ck # g## #001 0#eng#d | ||
| 020 | |||
| 022 | |||
| 040 | |a CO-BoINGC | ||
| 041 | 0 | |a eng | |
| 245 | 1 | 0 | |a Teaching the science of welding |
| 246 | |a Enseąndo la ciencia de la soldadura | ||
| 264 | |a Bogot ̀(Colombia) : |b Revista VirtualPRO, |c 2016 | ||
| 520 | 3 | |a El siguiente video trata el tema de la industria de la soldadura. As ̕mismo, se evidencia la falta de soldadores calificados. Es por ello que se hace necesario formar actores competentes en el campo de la soldadura. | |
| 650 | \ | \ | |a Soldadura |
| 650 | \ | \ | |a Soldadura de acero |
| 650 | \ | \ | |a Welding |
| 650 | \ | \ | |a Steel - Welding |
| 650 | \ | \ | |a Soldadores |
| 650 | \ | \ | |a Ciencia de la soldadura |
| 650 | \ | \ | |a Welders |
| 650 | \ | \ | |a Welding science |
| 700 | \ | \ | |a Hernǹdez David |
| 700 | \ | \ | |a Canal AWSOnline / YouTube. |
| 856 | |z Teaching the science of welding |u https://virtualpro.unach.elogim.com/biblioteca/ensenando-la-ciencia-de-la-soldadura | ||